000 00292nam a2200121Ia 4500
003 OSt
005 20260327112443.0
008 221117b |||||||| |||| 00| 0 Hin d
040 _aBGL
_cBGL
100 _aतुलसीदास
245 0 _aमणिकर्णिका
942 _cGB
_2ddc
999 _c23771
_d23771